000 00883nam a22002657a 4500
001 7403
003 FISKH
005 20250714090532.0
008 250714b cb ||||| |||| 00| 0 eng d
020 _a9780688106331
040 _aFISKH
_beng
_cFISKH
_dFISKH
050 _aPZ7.H37426 U
082 _a813.54
100 _aHeller, Nicholas
245 _aUp the wall /
_cby Nicholas Heller
260 _aNew York :
_bGreenwillow Books,
_c1992.
300 _a24 pages :
_bcolor illustrations ;
_c26 cm
505 _aG
520 _aWhen his family chase a boy away while they are working, he packs his food and toys, calls his dog, and walks up the wall to the ceiling, where he can hang around doing just as he likes.
521 8 _a300
_bLexile estimate
521 8 _aG
_bRaz-Plus
650 _aMy home
_vFiction
_xPicture Book
942 _2ddc
_cBK
_n0
999 _c7403
_d7403